000 00991nam0a2200277 4500
001 RU\NLR\BIBL_A\010449848
005 20250614053821.0
035 _a(NLR Aleph) 010449848
090 _a9922987
_c9922987
100 _a20140808d1994 |||y0rusy50 ca
101 0 _asah
_arus
102 _aRU
105 _aa||||||||||||
200 1 _aКүѳрэгэй - Александра
_fВ. А. Босиков
210 _aДьокуускай
_cБичик
_d1994
215 _a59,[3] с.
_cил.
_d20
300 _aЧасть текста рус.
541 1 _aКюерэгэй - Александра
606 1 _aЖивопись якутская
_z20 - 21 вв.
_92496533
_3RU\NLR\AUTH\661480963
686 1 _aЩ143(2Р=Я)-8
700 1 _aБосиков
_bВ. А.
_gВасилий Афанасьевич
_4070
702 1 _aАргунова-Кюерэгэй
_bА.
_gАлександра
_4570
852 _aNLR
_bОНЛ
_jЯкут./2-2898
942 _cBOOK
980 _aNB